Normal view
MARC view
Entry Personal Name
001 - CONTROL NUMBER
- control field: 59885
003 - CONTROL NUMBER IDENTIFIER
- control field: dpl
005 - DATE AND TIME OF LATEST TRANSACTION
- control field: 20231215151143.0
008 - FIXED-LENGTH DATA ELEMENTS
- fixed length control field: 231215|| aca||aabn | a|a d
040 ## - CATALOGING SOURCE
- Original cataloging agency: dpl
- Transcribing agency: dpl
100 ## - HEADING--PERSONAL NAME
- Personal name: Chandra,Saumya
670 ## - SOURCE DATA FOUND
- Source citation: Work cat.: (dpl)199678: Chandra,Saumya, Golden CUET ;(COMMON UNIVERSITY ENTERANCE TEST) For UNDERGRADUATE COURSES ; हिन्दी ( CODE: 102)
